Detalles MARC
| 000 -LIDER |
| fixed length control field |
01545nam a22004215b 4500 |
| 001 - NÚMERO DE CONTROL |
| Identificador de número de control |
002242060 |
| 003 - IDENTIFICACDOR DE NÚMERO DE CONTROL |
| control field |
DO-SdBNP |
| 005 - DATE AND TIME OF LATEST TRANSACTION |
| control field |
20180220152728.0 |
| 007 - CAMPOS FIJOS DE DESCRIPCIÓN FÍSICA |
| fixed length control field |
002242060 |
| 008 - ELEMENTOS DE LONGITUD FIJA |
| fixed length control field |
950215r 1993 sp a |||| ||spa |
| 016 7# - NO. DE CONTROL DE LA AGENCIA BIB. NACIONAL |
| Record control number |
|
| Source |
BPMSU |
| 017 ## - NÚMERO DE REGISTRO DE DERECHOS DE AUTOR |
| Copyright or legal deposit number |
|
| Assigning agency |
|
| 020 ## - ISBN |
| International Standard Book Number |
8434819392 |
| 035 ## - NÚMERO LOCAL |
| System control number |
|
| 040 ## - FUENTE DE CATALOGACIÓN |
| Agencia que crea de manera original el registro |
BPMSU |
| Idioma de catalogación |
spa |
| Agencia que realiza la transcripción |
BPMSU |
| Convenciones de la despripción |
|
| 080 #0 - NÚMERO DE CLASIFICACIÓN DECIMAL UNIVERSAL |
| Universal Decimal Classification number |
087.5:82 |
| 100 1# - ASIENTO PRINCIPAL -- NOMBRE PERSONAL |
| Nombre personal |
Díaz, Gloria Cecilia |
| 245 13 - MENCIÓN DE TITULO |
| Título |
El valle de los Cocuyos / |
| Mención de responsabilidad |
Gloria Cecilia Díaz ; ilustraciones, Francisco Meléndez |
| Medio (Designación general de material) |
|
| 250 ## - MENCIÓN DE EDICION |
| Mención de edición |
7ª ed. |
| 260 ## - PUBLICACIÓN, DISTRIBUCIÓN, ETC. (PIE DE IMPRENTA) |
| Lugar de publicación, distribución, etc |
Madrid : |
| Nombre del editor, distribuidor, etc. |
SM, |
| Fecha de publicación, distribución, etc |
1993. |
| 300 ## - DESCRIPCIÓN FÍSICA |
| Extensión |
123 p. : |
| Otros detalles físicos |
il.; |
| Dimensiones |
20 cm |
| 490 ## - MENCIÓN DE SERIES |
| Mención de serie |
El barco de vapor. |
| -- |
Serie roja |
| Volume/sequential designation |
31 |
| 500 ## - NOTA GENERAL |
| Nota general |
Premio El Barco de Vapor |
| 521 ## - TARGET AUDIENCE NOTE |
| Target audience note |
A partir de 12 años. |
| 586 ## - AWARDS NOTE |
| Awards note |
Premio El Barco de Vapor, 1985. |
| 700 1# - ASIENTO SECUNDARIO -- NOMBRE PERSONAL |
| Nombre personal |
Meléndez, Francisco |
| Fechas asociadas con el nombre |
1964- |
| 830 ## - ASIENTO SECUNDARIO DE SERIE--TÍTULO UNIFORME |
| Título uniforme |
El barco de vapor. |
| Nombre de la parte o sección de una obra |
Serie roja |
| Volume number/sequential designation |
31 |
| 942 ## - ADDED ENTRY ELEMENTS (KOHA) |
| Source of classification or shelving scheme |
Dewey Decimal Classification |
| Koha item type |
Libros |
| 945 ## - INFORMACIÓN DE PROCESAMIENTO LOCAL |
| Información de procesamiento local |
Inventariado, 2018/ YL |
| 956 ## - LOCAL ELECTRONIC LOCATION AND ACCESS (OCLC) |
| Nombre de host |
VMATEO |
| Método de acceso |
10 |
| Materiales especificados |
20160412 |
| Enlace |
BPMSU |
| Campo enlazado y núm. de secuencia |
0069 |
| 980 ## - EQUIVALENCE OR CROSS-REFERENCE-SERIES STATEMENT--PERSONAL NAME/TITLE [LOCAL, CANADA] |
| Personal name |
M 27500-1994 |
| -- |
84-348-1939-2 |
| -- |
M-BN |
| Numeration |
BNMADRID |
| Attribution qualifier |
7/62913 |
| Dates associated with a name |
7/190743 |
| Titles and other words associated with a name |
SG_RECOLET |
| 980 ## - EQUIVALENCE OR CROSS-REFERENCE-SERIES STATEMENT--PERSONAL NAME/TITLE [LOCAL, CANADA] |
| Personal name |
M 33972-1993 |
| -- |
M-BN |
| Numeration |
BNALCALA |
| Attribution qualifier |
AHM/113472 |
| Titles and other words associated with a name |
SG_PETANTI |
| 980 ## - EQUIVALENCE OR CROSS-REFERENCE-SERIES STATEMENT--PERSONAL NAME/TITLE [LOCAL, CANADA] |
| Personal name |
M 40833-1995 |
| -- |
M-BN |
| Numeration |
BNALCALA |
| Attribution qualifier |
AHM/212703 |
| Titles and other words associated with a name |
SG_PETANTI |
| 980 ## - EQUIVALENCE OR CROSS-REFERENCE-SERIES STATEMENT--PERSONAL NAME/TITLE [LOCAL, CANADA] |
| Personal name |
M 29431-2007 |
| -- |
978-84-675-2085-9 (ISBN único) |
| -- |
M-BN |
| Numeration |
BNALCALA |
| Attribution qualifier |
AHMo/288452 |
| Titles and other words associated with a name |
SG_PETANTI |
| 980 ## - EQUIVALENCE OR CROSS-REFERENCE-SERIES STATEMENT--PERSONAL NAME/TITLE [LOCAL, CANADA] |
| Personal name |
M-BN |
| Numeration |
BNALCALA |
| Attribution qualifier |
DL/640647 |
| Titles and other words associated with a name |
CONSERVACI |
| 980 ## - EQUIVALENCE OR CROSS-REFERENCE-SERIES STATEMENT--PERSONAL NAME/TITLE [LOCAL, CANADA] |
| Personal name |
M 40833-1995 |
| -- |
M-BN |
| Numeration |
BNALCALA |
| Attribution qualifier |
DL/735797 |
| Titles and other words associated with a name |
CONSERVACI |
| 980 ## - EQUIVALENCE OR CROSS-REFERENCE-SERIES STATEMENT--PERSONAL NAME/TITLE [LOCAL, CANADA] |
| Personal name |
M 29431-2007 |
| -- |
978-84-348-1939-9 (ISBN único) |
| -- |
M-BN |
| Numeration |
BNALCALA |
| Attribution qualifier |
DL/1587560 |
| Titles and other words associated with a name |
CONSERVACI |